000 004230000a22001690004500
003 MACL
005 20160108154716.0
008 160108b xxu||||| |||| 00| 0 eng d
040 _aMACL
_cMACL
041 _aEnglish
082 _a910/CHU
100 _aChurn, Bimala
_923753
245 _aGeography of Early Buddhism
260 _bTrubner & Co Ltd
_c1932
_aLondon
650 _aGeography
_929918
942 _cBK
_k910/CHU
_2ddc
999 _c36414
_d36414